<?xml version="1.0" encoding="UTF-8"?>
<marc:record xmlns:marc="http://www.loc.gov/MARC21/slim">
   <marc:leader>00000nam a2200000 a 4500</marc:leader>
   <marc:datafield ind1="1" ind2=" " tag="100">
      <marc:subfield code="a">Godet, Jean-Denis</marc:subfield>
      <marc:subfield code="4">aut</marc:subfield>
      <marc:subfield code="e">Verfasser/-in</marc:subfield>
   </marc:datafield>
   <marc:datafield ind1=" " ind2=" " tag="653">
      <marc:subfield code="a">Gehölze</marc:subfield>
   </marc:datafield>
   <marc:datafield ind1=" " ind2=" " tag="653">
      <marc:subfield code="a">Bestimmungsbuch</marc:subfield>
   </marc:datafield>
   <marc:datafield ind1="0" ind2="0" tag="245">
      <marc:subfield code="a">Einheimische Bäume und Sträucher</marc:subfield>
   </marc:datafield>
   <marc:datafield ind1="0" ind2="0" tag="245">
      <marc:subfield code="c">Jean-Denis Godet</marc:subfield>
   </marc:datafield>
   <marc:datafield ind1=" " ind2="1" tag="264">
      <marc:subfield code="a">Stuttgart (Hohenheim)</marc:subfield>
      <marc:subfield code="b">Ulmer</marc:subfield>
      <marc:subfield code="c">2008</marc:subfield>
   </marc:datafield>
   <marc:datafield ind1="1" ind2=" " tag="490">
      <marc:subfield code="a">Godet-Naturführer</marc:subfield>
   </marc:datafield>
   <marc:datafield ind1="1" ind2=" " tag="520">
      <marc:subfield code="a">Angaben aus der Verlagsmeldung

Einheimische Bäume und Sträucher / von Jean D Godet

Über 1300 brillante Farbfotos der Pflanzen machendas Erkennen einfach. In den Beschreibungen findensich alle Informationen zu Verbreitung, Standort,Knospen und Zweigen, Blüten und Blätter derhäufigsten Baum- und Straucharten. Mit je 2 Fotosvom Naturstandort und je rund 10 Detailfotos vonBlättern, Blüten, Knospen und Rinde!
Aus dem Inhalt:
- Blüten und Blütenstände
- Bau der Laub- und Nadelblätter
- Bäume und Stäucher im Winter erkennen
- Bestimmungsschlüssel für Laubblätter und Nadelblätter
- ausführliche Beschreibung der Gehölze
</marc:subfield>
   </marc:datafield>
   <marc:datafield ind1=" " ind2=" " tag="020">
      <marc:subfield code="a">9783800156085</marc:subfield>
      <marc:subfield code="9">9783800156085</marc:subfield>
   </marc:datafield>
   <marc:datafield ind1=" " ind2=" " tag="020">
      <marc:subfield code="a">3800156083</marc:subfield>
      <marc:subfield code="9">3800156083</marc:subfield>
   </marc:datafield>
   <marc:datafield ind1=" " ind2=" " tag="041">
      <marc:subfield code="a">ger</marc:subfield>
   </marc:datafield>
   <marc:datafield ind1=" " ind2=" " tag="300">
      <marc:subfield code="a">256 S.</marc:subfield>
   </marc:datafield>
</marc:record>
